| 000 | 00000nam 2200000zi 4500 |
| 001 | 9.954632 |
| 003 | CaOODSP |
| 005 | 20250829124807 |
| 006 | m o d f |
| 007 | cr mn||||||||| |
| 008 | 250829e20180118onca ob f000 0 fre d |
| 040 | |aCaOODSP|bfre|erda|cCaOODSP |
| 043 | |an-cn--- |
| 086 | 1 |aH139-89/2018F-PDF |
| 245 | 00|aComment démontrer la conformité des établissements étrangers avec les bonnes pratiques de fabrication des médicaments. |
| 246 | 17|aComment démontrer la conformité des établissements étrangers avec les bonnes pratiques de fabrication des médicaments (GUI-0080) |
| 250 | |a[Édition 2018]. |
| 264 | 1|a[Ottawa] : |bSanté Canada = Health Canada, |c18 janvier 2018. |
| 300 | |a1 ressource en ligne (37 pages, 1 page non numérotée) : |billustration en couleur |
| 336 | |atexte|btxt|2rdacontent/fre |
| 337 | |ainformatique|bc|2rdamedia/fre |
| 338 | |aressource en ligne|bcr|2rdacarrier/fre |
| 500 | |aPublié aussi en anglais sous le titre : How to demonstrate foreign building compliance with drug good manufacturing practices. |
| 500 | |aTitre de la couverture. |
| 500 | |a« GUI-0080. » |
| 504 | |aComprend des références bibliographiques. |
| 520 | |a« Le présent guide a été rédigé à l'intention des importateurs canadiens qui souhaitent inscrire un établissement étranger sur leur licence d'établissement de produits pharmaceutiques (LEPP). Le guide fournit des directives au sujet du type de renseignements que vous devez fournir afin d'appuyer votre demande de modification de LEPP. Le guide vous aidera aussi à comprendre comment le titre 2 de la partie C (Bonnes pratiques de fabrication) du Règlement sur les aliments et drogues (RAD) s'applique aux établissements étrangers qui fournissent aux importateurs canadiens des médicaments (formes posologiques définitives [FPD] ou ingrédients pharmaceutiques actifs [IPA], ce qui comprend toute étape intermédiaire) à des fins d'importation au Canada ou d'importation au Canada en vue d'une exportation ultérieure » -- Objectif, page 4. |
| 650 | 6|aIndustrie pharmaceutique|xPolitique gouvernementale|zCanada. |
| 650 | 6|aMédicaments|xPolitique gouvernementale|zCanada. |
| 710 | 1 |aCanada. |bSanté Canada, |eorganisme de publication. |
| 775 | 08|tHow to demonstrate foreign building compliance with drug good manufacturing practices.|w(CaOODSP)9.954631 |
| 794 | |tComment démontrer la conformité des bâtiments étrangers avec les bonnes pratiques de fabrication des médicaments (GUI-0080).|b[Édition 2025]|w(CaOODSP)9.949161 |
| 856 | 40|qPDF|s625 Ko|uhttps://publications.gc.ca/collections/collection_2025/sc-hc/H139-89-2018-fra.pdf |
| 856 | 4 |qHTML|sS.O.|uhttps://www.canada.ca/fr/sante-canada/services/medicaments-produits-sante/conformite-application-loi/bonnes-pratiques-fabrication/documents-orientation/guide-preuves-conformite-medicaments-sites-etrangers-0080/document.html |